Guess the College Basketball Legend by Picture - Niche - Statistics

General Stats
  • This quiz has been taken 28 times
  • The average score is 5 of 16
Answer Stats
Picture Answer % Correct
Doug Edert
70%
Jack Gohlke
70%
Jarrett Culver
70%
Joe Mazzula
65%
Caleb Swanigan
55%
Ron Baker
55%
Puff Johnson
50%
Adama Sanogo
30%
Cassius Stanley
20%
Derrick Favors
20%
Jordan Bone
15%
Donte Williams
5%
Kofe Cockburn
5%
Mark Vital
5%
Matt Marseille
5%
Sherwood Brown
5%
No matching quizzes found
Score Distribution
Percent of People with Each Score
Percentile by Number Answered
Your Score History
You have not taken this quiz